Lectura y redacción : (Registro nro. 34875)

Detalles MARC
000 -LEADER
campo de control de longitud fija 02564cam a22004694i 4500
003 - IDENTIFICADOR DE NÚMERO DE CONTROL
campo de control PE-LiUPU
005 - FECHA Y HORA DE LA ÚLTIMA TRANSACCIÓN
campo de control 20250731175629.0
008 - DATOS DE LONGITUD FIJA--INFORMACIÓN GENERAL
campo de control de longitud fija 150623s2002 mx a rb 000 0 spa d
020 ## - NÚMERO INTERNACIONAL ESTÁNDAR DEL LIBRO
Número Internacional Estándar del Libro 9702603188
020 ## - NÚMERO INTERNACIONAL ESTÁNDAR DEL LIBRO
Número Internacional Estándar del Libro 9789702603184
035 ## - NÚMERO DE CONTROL DEL SISTEMA
Número de control de sistema (Sirsi) i9789702603184
040 ## - FUENTE DE CATALOGACIÓN
Centro catalogador/agencia de origen PE-LiUPU
Lengua de catalogación spa
Centro/agencia transcriptor PE-LiUPU
Normas de descripción rda
049 ## - FONDOS LOCALES (OCLC)
Biblioteca depositaria PRUA
100 1# - ENTRADA PRINCIPAL--NOMBRE DE PERSONA
Nombre de persona Pineda Ramírez, María Ignacio,
Término indicativo de función/relación autor.
245 10 - MENCIÓN DEL TÍTULO
Título Lectura y redacción :
Resto del título con análisis literario /
Mención de responsabilidad, etc. María Ignacia Pineda Ramírez.
264 #1 - PRODUCCIÓN, PUBLICACIÓN, DISTRIBUCIÓN, FABRICACIÓN Y COPYRIGHT
Producción, publicación, distribución, fabricación y copyright México :
Nombre del de productor, editor, distribuidor, fabricante Person Educación,
Fecha de producción, publicación, distribución, fabricación o copyright 2002.
300 ## - DESCRIPCIÓN FÍSICA
Extensión 238 páginas :
Otras características físicas ilustraciones ;
Dimensiones 27 centímetros
336 ## - TIPO DE CONTENIDO
Término de tipo de contenido text
Fuente rdacontent
337 ## - TIPO DE MEDIO
Nombre/término del tipo de medio unmediated
Fuente rdamedia
338 ## - TIPO DE SOPORTE
Nombre/término del tipo de soporte volume
Fuente rdacarrier
504 ## - NOTA DE BIBLIOGRAFÍA, ETC.
Nota de bibliografía, etc. Incluye bibliografía.
505 0# - NOTA DE CONTENIDO CON FORMATO
Nota de contenido con formato La redacción -- La lectura -- Los pronombres y adverbios -- interrogativos -- La fábula -- La oración -- El libro -- Oración compuesta -- El párrafo -- El periódico -- La narración -- Tema y argumento -- Los personajes en una obra literaria -- Tipos de diálogos -- Los narradores -- El cuento -- Psicología del personaje literario -- Las ideas en un texto -- El espacio, el ambiente y el tiempo en un texto -- La descripción.
526 ## - NOTA DE INFORMACIÓN SOBRE EL PROGRAMA DE ESTUDIO
Nombre del programa Comunicación Y Periodismo
526 ## - NOTA DE INFORMACIÓN SOBRE EL PROGRAMA DE ESTUDIO
Nombre del programa Educación, Especialidad Inglés Y Español (A Distancia)
526 ## - NOTA DE INFORMACIÓN SOBRE EL PROGRAMA DE ESTUDIO
Nombre del programa Educación, Especialidad Inglés Y Español
526 ## - NOTA DE INFORMACIÓN SOBRE EL PROGRAMA DE ESTUDIO
Nombre del programa Teología
526 ## - NOTA DE INFORMACIÓN SOBRE EL PROGRAMA DE ESTUDIO
Nombre del programa Educación secundaria, especialidad lingüística e inglés
526 ## - NOTA DE INFORMACIÓN SOBRE EL PROGRAMA DE ESTUDIO
Nombre del programa Ciencias de la comunicación
541 ## - NOTA DE FUENTE DE ADQUISICIÓN DIRECTA
-- 0014-013682;
541 ## - NOTA DE FUENTE DE ADQUISICIÓN DIRECTA
-- 019788;
596 ## -
-- 1 3
650 04 - PUNTO DE ACCESO ADICIONAL DE MATERIA--TÉRMINO DE MATERIA
Término de materia o nombre geográfico como elemento de entrada Comprensión de lectura.
650 04 - PUNTO DE ACCESO ADICIONAL DE MATERIA--TÉRMINO DE MATERIA
Término de materia o nombre geográfico como elemento de entrada Español Composición y ejercicios.
650 04 - PUNTO DE ACCESO ADICIONAL DE MATERIA--TÉRMINO DE MATERIA
Término de materia o nombre geográfico como elemento de entrada Redacción de escritos.
942 ## - ELEMENTOS DE ENTRADA SECUNDARIOS (KOHA)
Fuente del sistema de clasificación o colocación Clasificación Decimal Dewey
Tipo de ítem Koha
949 ## - PROCESAMIENTO DE INFORMACIÓN LOCAL (OCLC)
a 418.4 P59
w DEWEY
c 1
i 53072
l CCODEBUL1
m BUL
p 14.00
r 0
s Y
t BOOK
u 2015-6-24
x EDUCACION
z UNKNOWN
0 COMPRA
o .STAFF. Colección General
949 ## - PROCESAMIENTO DE INFORMACIÓN LOCAL (OCLC)
a 418.4 P59
w DEWEY
c 2
i 55728
d 2016-4-21
e 2016-4-21
l CCODEBUL1
m BUL
n 1
p 10.00
r 0
s Y
t BOOK
u 2015-6-24
x FCE
z UNKNOWN
0 COMPRA
o .STAFF. Colección Ciencias Empresariales
994 ## -
-- C0
-- PEPRU
999 ## - NÚMEROS DE CONTROL DE SISTEMA (KOHA)
-- DEWEY
-- 53072
-- 2017-4-3
-- 2019-12-11
-- 4
-- DISCARD
-- BUL
-- 2
-- 14.00
-- 1
-- Y
-- BOOK
-- 2015-6-24
-- UNKNOWN
-- UNKNOWN
-- COMPRA
-- .STAFF. Colección General
999 ## - NÚMEROS DE CONTROL DE SISTEMA (KOHA)
-- DEWEY
-- 55728
-- 2016-4-21
-- 2021-11-8
-- 6
-- CCODEBUL1
-- BUL
-- 1
-- 10.00
-- 0
-- Y
-- BOOK
-- 2015-6-24
-- EDUCACION
-- UNKNOWN
-- COMPRA
-- .STAFF. Colección Ciencias Empresariales
999 ## - NÚMEROS DE CONTROL DE SISTEMA (KOHA)
-- DEWEY
-- FJ05451
-- 2017-4-20
-- 2022-1-19
-- 3
-- CCODEBUJ1
-- BUJ
-- 1
-- 10.00
-- 0
-- Y
-- BOOK
-- 2017-1-17
-- EDUCACION
-- P20
-- COMPRA
-- .STAFF. Colección General Juliaca
980 ## - EQUIVALENCIA O REFERENCIA-CRUZADA-MENCIÓN DE SERIE--NOMBRE DE PERSONA/TÍTULO [LOCAL, CANADÁ]
ID del último usuario que modificó el registro 1
Nombre del último usuario que modificó el registro ALBERTO SANCHEZ Responsable de Automatización
Existencias
Visto por última vez Número de inventario Total de préstamos Signatura topográfica completa Código de barras Fecha del último préstamo Copia número Coste, precio de reemplazo Fecha de reemplazo Facultad Tipo de ítem Koha Nota pública Estado de pérdida Fuente del sistema de clasificación o colocación Restricciones de uso No para préstamo Colección Programa académico Biblioteca de origen Biblioteca actual Ubicación en estantería Fecha de adquisición Fuente de adquisición Coste, precio normal de compra
2025-12-02 7 1 418.4 P59 55728 2016-04-21 e2 15.00 2015-06-24 FACIHED Libros físicos inventario-2023-12-13 No Perdido Clasificación Decimal Dewey No restringido Disponible para préstamos Colección General Educación primaria Biblioteca CRAI UPeU Lima Biblioteca CRAI UPeU Lima Sala principal 2015-06-24 COMPRA 10.00